Historia natural de Costa Rica (Registro nro. 395)

Detalles MARC
000 -Cabecera
Campo de control de longitud fija 00730aam a2200337 4500
005 - Fecha y hora de la última transacción
Campo de control 20251024195540.0
008 - Elementos de longitud fija--Información general
Campo de control de longitud fija 150730b1991 xxu||||| |||| 00| 0 spa d
020 ## - International Standard Book Number
Número Internacional Estándar del Libro (ISBN) 9977671699
041 ## - Idioma
Código de idioma Español
082 ## - Clasificación Decimal Dewey
Número de clasificación 508.728.6 H673h
245 ## - Título propiamente dicho
Título Historia natural de Costa Rica
260 ## - Pie de imprenta
Lugar de publicación, distribución, etc. Costa Rica
260 ## - Pie de imprenta
Nombre del editor, distribuidor, etc. EUCR
260 ## - Pie de imprenta
Fecha de publicación, distribución, etc. 1991
300 ## - Descripción física
Extensión 822 páginas
490 ## - Serie
Título de la Serie Turismo
650 ## - Materia general
Temática (materia general) HISTORIA NATURAL
650 ## - Materia general
Temática (materia general) COSTA RICA
650 ## - Materia general
Temática (materia general) FLORA
650 ## - Materia general
Temática (materia general) GEOLOGÍA
650 ## - Materia general
Temática (materia general) FAUNA
650 ## - Materia general
Temática (materia general) ESPECIES
650 ## - Materia general
Temática (materia general) AVES
650 ## - Materia general
Temática (materia general) SUELOS
650 ## - Materia general
Temática (materia general) AGRICULTURA
650 ## - Materia general
Temática (materia general) MAMÍFEROS
650 ## - Materia general
Temática (materia general) REPTILES
650 ## - Materia general
Temática (materia general) ANFIBIOS
942 ## - Punto de acceso adicional KOHA
Tipo de ítem KOHA Libro
Fuente del sistema de clasificación o colocación Dewey Decimal Classification
Existencias
Signatura completa Código de barras Programa Académico Tipo de ítem
508.728.6 H673h 2312 Turismo Libro
508.728.6 H673h 2313 Turismo Libro